00635nam a2200169 a 450000100100000000500170001000800410002704000250006808200150009310000350010824501140014326000480025730000210030504900090032695201130033599900170044800001750520200929165133.0100326s1965 dr 000 0 spa d aDO-SdBNPbspacBNPHU axxxbB265n1 aBarón Goico, Héctor93081810aNueva guía policial :bensayo de codificación de las leyes penales dominicanas /cHéctor Barón Goico. aSanto Domingo :bEditora del Caribe,c1965. a329 p. ;c25 cm. aBNPD 0010718PDaPDbPDcCTd2010-03-26iLF1l0oxxx B265np17505-10r2020-06-25w2020-06-25yLFPDZNo se presta c17030d17030